00868nam a2200229Ia 4500003000400000005001700004008004100021020003000062040001700092082002200109100002200131245007200153250001100225260004800236300001500284650002700299650002600326942000900352952012500361952013700486999001500623IIN20240201162621.0231217s9999 xx 000 0 und d cRs.2595.00a9780803610125 aIINbEnglish a616.890231 bTOW1 aTownsend, Mary C 1 aPsychiatric Mental Health Nursing Concepts of CarecMary C Townsend a4th ed bF.A.Davis Company/ Pub.aPhiladelphiac2003 axxx, 957p.1 aMental HealthvNursing1 aPsychiatric vNursing cBOOK 001040708Purches BookaIINbIINd2023-12-17g2595.00l0o616.890231 TOWp1345r2023-12-17 21:32:36w2023-12-17yBOOK 001040708Purches BookaIINbIINd2023-12-17g2595.00l1o616.890231 TOWp1346r2025-04-11 12:12:04s2025-04-09w2023-12-17yBOOK c1351d1351